000 01207nam a2200337Ia 4500
003 CO-BoRNBP
005 20250605152130.0
007 ta
008 210805s2018 sp a jr6 001 0 spa d
020 _a9788496815148
040 _aCO-BoRNBP
_bspa
_erda
_cCO-BoRNBP
041 1 _aspa
_heng
082 0 4 _a741.5
_bM11h
_222
100 1 _aMcCloud, Scott
_d1960-
_eautor
_959934
245 1 0 _aHacer cómics
_bsecretos narrativos del cómic, el manga y la novela gráfica
_cScott McCloud ; traducción Santiago García
250 _aQuinta edición
264 1 _aBilbao
_bAstiberri Ediciones
_c2018
300 _a264 páginas
_bilustraciones
_c26 cm
336 _atexto
_btxt
_2rdacontent
337 _asin mediación
_bn
_2rdamedia
338 _avolumen
_bnc
_2rdacarrier
504 _aIncluye referencias bibliográficas e índice
521 _aRecomendado para un público mayor de 15 años
534 _tMaking comics
545 _aIncluye datos biográficos del autor en la solapa.
650 0 0 _aCaricatura
_xTécnica
_2LEMB
_959935
650 0 0 _aDibujo a lápiz
_xTécnica
_2LEMB
_959936
650 0 0 _aDibujos animados
_xTécnica
_2LEMB
_959937
700 1 _aGarcía, Santiago
_etraductor
942 _2ddc
_cBK
999 _c57216
_d57216